[Event "27. Int. Liechtenstein - OPEN "]
[Site "Triesen"]
[Date "2009.05.23"]
[Round "9.10"]
[White "Scheffknecht, Philipp"]
[Black "Brestian, Egon"]
[Result "0-1"]
[WhiteElo "2191"]
[BlackElo "2392"]
[PlyCount "60"]
[EventDate "2009.05.15"]

1. d4 Nf6 2. Nf3 g6 3. g3 Bg7 4. Bg2 O-O 5. O-O d6 6. c4 Nc6 7. d5 Na5 8. Nfd2
c5 9. Nc3 a6 10. Qc2 Rb8 11. b3 b5 12. Rb1 h5 13. Bb2 Bf5 14. e4 Bd7 15. Ba1 h4
16. cxb5 hxg3 17. hxg3 axb5 18. b4 cxb4 19. Rxb4 Qc7 20. Nb3 Rfc8 21. Nxa5 Qxa5
22. Qb3 Ng4 23. Ne2 Bxa1 24. Rxa1 Ne5 25. Nd4 Nd3 26. Rxb5 Bxb5 27. Nxb5 Qxb5
28. Qxb5 Rxb5 29. Bf1 Rc3 30. Rd1 Nb2 0-1

[Event "27. Int. Liechtenstein - OPEN "]
[Site "Triesen"]
[Date "2009.05.23"]
[Round "9.11"]
[White "Habibi, Ali"]
[Black "Benes, Petr"]
[Result "1-0"]
[WhiteElo "2290"]
[BlackElo "2166"]
[PlyCount "108"]
[EventDate "2009.05.15"]

1. Nf3 Nf6 2. d4 g6 3. h3 Bg7 4. c4 O-O 5. Nc3 d5 6. e3 a6 7. a4 Nc6 8. Be2 Bf5
9. O-O Nb4 10. Ne1 dxc4 11. Bxc4 Qd6 12. Qb3 c5 13. g4 cxd4 14. gxf5 dxc3 15.
fxg6 hxg6 16. bxc3 Nc6 17. Be2 Ne4 18. Ba3 Qf6 19. Rc1 Nd2 20. Qxb7 Rfb8 21.
Qd7 Rd8 22. Qb7 Rab8 23. Qxa6 Rd5 24. f4 Nxf1 25. Bxf1 Rd2 26. Nf3 Ra2 27. Bc5
Rbb2 28. Qc8+ Kh7 29. Ng5+ Kh6 30. Qg8 Kh5 31. Qh7+ Bh6 32. Nxf7 Qg7 33. Qxh6+
Qxh6 34. Nxh6 Kxh6 35. Rd1 Kh5 36. Rd5+ Kh6 37. Rd1 Rxa4 38. Bg2 Rc4 39. Ba3
Rxg2+ 40. Kxg2 Rxc3 41. Bc1 g5 42. Kf3 Kg6 43. Rg1 Nd4+ 44. Ke4 Nb3 45. Rxg5+
Kh6 46. Bb2 Nd2+ 47. Kf5 Rxe3 48. Bc1 Re2 49. Rg6+ Kh7 50. Re6 Rh2 51. Rxe7+
Kh6 52. Bb2 Nc4 53. Bg7+ Kh7 54. Bf6+ Kh6 1-0

[Event "27. Int. Liechtenstein - OPEN "]
[Site "Triesen"]
[Date "2009.05.23"]
[Round "9.12"]
[White "Peredy, Ferenc"]
[Black "Mannhart, Marcel"]
[Result "1/2-1/2"]
[WhiteElo "2234"]
[BlackElo "2140"]
[PlyCount "132"]
[EventDate "2009.05.15"]

1. e4 g6 2. d4 Bg7 3. Nc3 c6 4. f4 d5 5. e5 Nh6 6. Nf3 Bg4 7. Be3 f6 8. Be2 O-O
9. Qd2 Bxf3 10. Bxf3 f5 11. Na4 e6 12. b3 Rf7 13. h3 Rc7 14. c4 Bf8 15. O-O Nd7
16. Rfc1 Rac8 17. a3 Be7 18. Nc3 Qf8 19. c5 b5 20. Ne2 a6 21. Rc2 Rb7 22. Nc1
Qd8 23. Nd3 a5 24. g4 Ra8 25. Raa2 Kf8 26. Qe1 Qe8 27. Rh2 Qf7 28. Rag2 Ke8 29.
Bf2 Nf8 30. Bd1 Kd7 31. Qd2 Rba7 32. Ne1 Kc7 33. Nf3 Nd7 34. Be3 Kb7 35. Kf1
Kc7 36. Ke2 Kb7 37. Kd3 Kc7 38. Kc2 a4 39. b4 Rf8 40. g5 Ng8 41. h4 Rc8 42. h5
Bf8 43. Nh4 Ne7 44. Be2 Bg7 45. Rh3 Nf8 46. Kb2 Rb7 47. Rgh2 Rbb8 48. Qd1 Rd8
49. Qh1 Rdc8 50. Nf3 Rd8 51. Ka2 Rdc8 52. Nd2 Ra8 53. Nb1 Rcb8 54. Nc3 Rb7 55.
Bd1 Qe8 56. Qf1 Qb8 57. Rb2 Rba7 58. Bd2 Kd7 59. Bc2 Ke8 60. Qe2 Kf7 61. Rh1
Ke8 62. Rc1 Kd7 63. Bd3 Rb7 64. Rbc2 Kc7 65. h6 Bh8 66. Be3 Nd7 1/2-1/2

[Event "27. Int. Liechtenstein - OPEN "]
[Site "Triesen"]
[Date "2009.05.23"]
[Round "9.13"]
[White "Klings, Peter"]
[Black "Popa, Claudio"]
[Result "1/2-1/2"]
[WhiteElo "2152"]
[BlackElo "2218"]
[PlyCount "81"]
[EventDate "2009.05.15"]

1. e4 e5 2. Nf3 Nc6 3. Bc4 Nf6 4. d3 Be7 5. O-O O-O 6. a4 d5 7. exd5 Nxd5 8.
Re1 Bf6 9. Nbd2 g6 10. a5 Bg7 11. c3 Nf4 12. Ne4 Ne6 13. Be3 Qe7 14. b4 a6 15.
Qb3 Re8 16. Ra2 h6 17. Rae2 Bd7 18. Nfd2 Rad8 19. Nc5 Bc8 20. Nde4 Kh7 21. Nxe6
Bxe6 22. Nc5 Bxc4 23. Qxc4 Rb8 24. Nxa6 Nxa5 25. Qxc7 bxa6 26. Qxa5 Qd6 27. Rd2
Rb5 28. Qa2 Re6 29. Bc5 Qc6 30. c4 Rb7 31. Qa5 Rd7 32. Red1 h5 33. Be3 f5 34.
f3 Bh6 35. Bxh6 Kxh6 36. Re1 e4 37. fxe4 fxe4 38. Qc5 exd3 39. Qxc6 Rxc6 40. c5
a5 41. bxa5 1/2-1/2

[Event "27. Int. Liechtenstein - OPEN "]
[Site "Triesen"]
[Date "2009.05.23"]
[Round "9.15"]
[White "Mertens, Klaus"]
[Black "Keller, Manfred"]
[Result "0-1"]
[WhiteElo "2075"]
[BlackElo "2202"]
[PlyCount "56"]
[EventDate "2009.05.15"]

1. Nf3 Nf6 2. g3 g6 3. Bg2 Bg7 4. O-O O-O 5. d4 d5 6. b3 c5 7. c3 Nc6 8. Bb2
Qb6 9. e3 Bg4 10. Nbd2 Rac8 11. h3 Bf5 12. Qe2 c4 13. Ne1 e5 14. g4 Be6 15. Nc2
exd4 16. cxd4 Rfe8 17. Rfc1 h5 18. g5 Nh7 19. f4 Bf5 20. Qf2 c3 21. Bxc3 Bxc2
22. Rxc2 Nb4 23. Rac1 Nxc2 24. Rxc2 Qa6 25. Bxd5 Qd3 26. Nc4 Re7 27. Bb4 Rd7
28. Rd2 Qb1+ 0-1

[Event "27. Int. Liechtenstein - OPEN "]
[Site "Triesen"]
[Date "2009.05.23"]
[Round "9.16"]
[White "Vilerte, Tamara"]
[Black "Frick, Renato"]
[Result "1-0"]
[WhiteElo "2238"]
[BlackElo "2103"]
[PlyCount "73"]
[EventDate "2009.05.15"]

1. d4 e6 2. c4 Bb4+ 3. Bd2 Qe7 4. Nf3 Nf6 5. e3 O-O 6. Be2 a5 7. O-O Ne4 8. Qc2
f5 9. a3 Bxd2 10. Nbxd2 Nxd2 11. Qxd2 d6 12. b4 b6 13. Qc3 Nd7 14. Nd2 Bb7 15.
Bf3 Bxf3 16. Nxf3 Nf6 17. Nd2 Ra7 18. b5 Rc8 19. Qd3 g6 20. Rac1 e5 21. c5 dxc5
22. Qc4+ Kg7 23. dxc5 Rd8 24. Nf3 Nd7 25. cxb6 Nxb6 26. Qc3 Rd5 27. Qb2 a4 28.
Rfd1 Nc4 29. Qc3 Rxd1+ 30. Rxd1 Nxa3 31. Nxe5 Nxb5 32. Qb2 a3 33. Qxb5 a2 34.
Qb2 Kh6 35. f4 Qe6 36. Ra1 Qb6 37. Nf7+ 1-0

[Event "27. Int. Liechtenstein - OPEN "]
[Site "Triesen"]
[Date "2009.05.23"]
[Round "9.17"]
[White "Poettinger, Harald"]
[Black "Gorse, Gerard"]
[Result "1/2-1/2"]
[WhiteElo "2207"]
[BlackElo "2034"]
[PlyCount "23"]
[EventDate "2009.05.15"]

1. d4 Nf6 2. Nf3 c5 3. e3 g6 4. c4 Bg7 5. Nc3 O-O 6. Be2 d5 7. O-O cxd4 8. exd4
Nc6 9. h3 a6 10. Ne5 dxc4 11. Nxc6 bxc6 12. Bxc4 1/2-1/2

[Event "27. Int. Liechtenstein - OPEN "]
[Site "Triesen"]
[Date "2009.05.23"]
[Round "9.18"]
[White "Ladner, Peter"]
[Black "Schmidlechner, Alexander"]
[Result "1/2-1/2"]
[WhiteElo "1988"]
[BlackElo "2196"]
[PlyCount "32"]
[EventDate "2009.05.15"]

1. e4 c5 2. Nf3 Nc6 3. Bb5 d6 4. O-O Bd7 5. c3 a6 6. Bxc6 Bxc6 7. Re1 e6 8. d4
cxd4 9. cxd4 Nf6 10. Nc3 Be7 11. d5 Bd7 12. e5 dxe5 13. Nxe5 exd5 14. Nxd5 Be6
15. Nxe7 Qxd1 16. Rxd1 Kxe7 1/2-1/2

[Event "27. Int. Liechtenstein - OPEN "]
[Site "Triesen"]
[Date "2009.05.23"]
[Round "9.19"]
[White "Van Heirzeele, Daniel"]
[Black "Goris, Ton"]
[Result "1-0"]
[WhiteElo "2177"]
[BlackElo "2080"]
[PlyCount "31"]
[EventDate "2009.05.15"]

1. d4 Nf6 2. Nf3 e6 3. g3 c5 4. c4 cxd4 5. Nxd4 Nc6 6. Bg2 Qb6 7. Nb5 Bb4+ 8.
N1c3 d5 9. Be3 Qd8 10. O-O Bxc3 11. Nxc3 dxc4 12. Bc5 Qxd1 13. Rfxd1 Bd7 14.
Nb5 O-O-O 15. Nd6+ Kb8 16. Nxf7 1-0

[Event "27. Int. Liechtenstein - OPEN "]
[Site "Triesen"]
[Date "2009.05.23"]
[Round "9.20"]
[White "Diller, Peter"]
[Black "Kuhn, Thomas"]
[Result "0-1"]
[WhiteElo "1864"]
[BlackElo "2169"]
[PlyCount "72"]
[EventDate "2009.05.15"]

1. e4 e6 2. f4 d5 3. e5 Nh6 4. Nf3 Nf5 5. d4 c5 6. dxc5 Bxc5 7. Bd3 Nc6 8. Bxf5
exf5 9. Nbd2 O-O 10. Nb3 Bb6 11. Qe2 f6 12. Be3 Bxe3 13. Qxe3 fxe5 14. Nxe5
Nxe5 15. fxe5 f4 16. Qd4 Qh4+ 17. g3 Qg4 18. O-O fxg3 19. Rxf8+ Kxf8 20. Rf1+
Kg8 21. Rf4 gxh2+ 22. Kxh2 Qh3+ 23. Kg1 Qg3+ 24. Kh1 Qh3+ 25. Kg1 h5 26. Nc5
Qg3+ 27. Kh1 Bg4 28. Qxd5+ Kh8 29. Nd3 Qh4+ 30. Kg1 Qg3+ 31. Kh1 Rc8 32. Qxb7
Qh3+ 33. Kg1 Qe3+ 34. Kh1 Rxc2 35. Qd5 Qh3+ 36. Kg1 Qh2+ 0-1